[Event "27. Friedensfest-Open (AFRO-A)"]
[Site "Augsburg"]
[Date "2022.08.06"]
[Round "5.17"]
[White "Wichmann, Adrian"]
[Black "Parsch, Christian"]
[Result "1/2-1/2"]
[WhiteElo "2089"]
[BlackElo "1879"]
[EventDate "2022.08.04"]
[Time "09:30:00"]
[WhiteTeam "SC 1868 Bamberg"]
[BlackTeam "SC Roter Turm Altstadt"]

1.e4 c6 2.d4 d5 3.Nc3 dxe4 4.Nxe4 Bf5 5.Ng3 Bg6 6.h4 h6 7.Nf3 Nd7 8.h5 Bh7
9.Bd3 Bxd3 10.Qxd3 e6 11.Bd2 Ngf6 12.O-O-O Be7 13.Ne4 Nxe4 14.Qxe4 Nf6 15.
Qe2 Qb6 16.Be3 Nd5 17.Ne5 Qa5 18.Qc4 Rc8 19.Bd2 Qb5 20.Qxb5 cxb5 21.Kb1 
O-O 22.g4 Rc7 23.f4 b4 24.f5 exf5 25.gxf5 Rfc8 26.Rc1 Bf6 27.Rhg1 Kf8 28.
Rg4 a5 29.Re4 Bg5 30.Nf3 Bxd2 31.Nxd2 Nf6 32.Rh4 Re7 33.Rh2 Ng4 34.Rg2 Ne3
35.Rf2 Ng4 36.Rg2 Ne3 37.Rf2 Ng4 1/2-1/2

[Event "27. Friedensfest-Open (AFRO-A)"]
[Site "Augsburg"]
[Date "2022.08.04"]
[Round "1.20"]
[White "Rentschler, Hans-Joachim"]
[Black "Notz, Lukas"]
[Result "1/2-1/2"]
[WhiteElo "2087"]
[BlackElo "1950"]
[EventDate "2022.08.04"]
[WhiteTeam "TSV Langenau"]
[BlackTeam "SV Dettingen Erms"]

1.e4 c6 2.d4 d5 3.Nc3 dxe4 4.Nxe4 Bf5 5.Ng3 Bg6 6.Nf3 Nd7 7.h4 h6 8.h5 Bh7
9.Bd3 Bxd3 10.Qxd3 e6 11.Bd2 Qc7 12.O-O-O Ngf6 13.Nf1 Bd6 14.Ne3 O-O-O 15.
Nc4 Bf4 16.Kb1 Bxd2 17.Rxd2 Nb6 18.Nce5 Rhe8 19.g3 Qe7 20.Qe2 Nfd7 21.Rd3 
Nxe5 22.Nxe5 Nd7 23.Ra3 Nxe5 24.Qxe5 f6 25.Qe4 a6 26.Rd1 e5 27.d5 Rxd5 28.
Rxd5 cxd5 29.Qxd5 1/2-1/2

[Event "27. Friedensfest-Open (AFRO-A)"]
[Site "Augsburg"]
[Date "2022.08.04"]
[Round "2.25"]
[White "Yaroshenko, Yaroslav"]
[Black "Kwossek, Georg"]
[Result "1/2-1/2"]
[WhiteElo "1760"]
[BlackElo "1981"]
[EventDate "2022.08.04"]
[Time "15:30:00"]
[WhiteTeam "SK Graefelfing"]
[BlackTeam "SC Kitzingen von 1905"]

1.e4 c6 2.d4 d5 3.Nc3 dxe4 4.Nxe4 Nf6 5.Nxf6+ exf6 6.Be3 Bd6 7.Nf3 O-O 8.
Bd3 Na6 9.c3 Nc7 10.Qc2 Nd5 11.Bxh7+ Kh8 12.Be4 Nxe3 13.fxe3 Qe7 14.O-O-O 
Re8 15.Nd2 Be6 16.Kb1 a5 17.Rhf1 g6 18.Bd3 Kg7 19.Ne4 f5 20.Nxd6 Qxd6 21.
Qf2 Bd5 22.c4 Be4 23.Bxe4 Rxe4 24.h3 Rae8 25.g4 f4 26.c5 Qe7 27.exf4 Re2 
28.Qf3 Re3 29.Qg2 Qh4 30.f5 Re2 31.Qf3 g5 32.f6+ Kg8 33.d5 R2e3 34.Qf5 
R3e5 35.Qc2 cxd5 36.Rd3 Re2 37.Qb3 Re1+ 38.Rxe1 Rxe1+ 39.Rd1 Qh7+ 40.Kc1 
Qe4 41.Rxe1 Qxe1+ 42.Qd1 Qe4 43.Qf1 d4 44.Qf5 Qe3+ 45.Kc2 Qe2+ 46.Kc1 Qe3+
47.Kc2 Qe2+ 1/2-1/2

[Event "27. Friedensfest-Open (AFRO-A)"]
[Site "Augsburg"]
[Date "2022.08.05"]
[Round "3.27"]
[White "Mohylnyi, Stepan"]
[Black "Parsch, Christian"]
[Result "1-0"]
[WhiteElo "1709"]
[BlackElo "1879"]
[EventDate "2022.08.04"]
[Time "09:30:00"]
[WhiteTeam "SC Noris-Tarrasch Nuernberg 1873"]
[BlackTeam "SC Roter Turm Altstadt"]

1.e4 c6 2.d4 d5 3.Nc3 dxe4 4.Nxe4 Nf6 5.Nxf6+ exf6 6.c3 Bd6 7.Bd3 O-O 8.
Ne2 Re8 9.Qc2 h5 10.Be3 Be6 11.h4 Nd7 12.c4 Bb4+ 13.Bd2 Qa5 14.a3 Bxd2+ 
15.Qxd2 Qxd2+ 16.Kxd2 Nb6 17.b3 Rad8 18.Kc3 g6 19.Rhe1 Kg7 20.Nf4 f5 21.a4
Nc8 22.f3 Kf6 23.Nh3 a5 24.Re5 b6 25.Rae1 Bd7 26.Nf4 Rxe5 27.dxe5+ Ke7 28.
b4 axb4+ 29.Kxb4 c5+ 30.Ka3 Bc6 31.Rf1 Rd7 32.Kb3 Ra7 33.Ra1 Bd7 34.Bc2 
Bc6 35.Kc3 b5 36.cxb5 Bxb5 37.a5 Kd7 38.Bb3 Ke8 39.Nd5 Ne7 40.Nxe7 Kxe7 
41.Bc4 Bc6 42.a6 f6 43.exf6+ Kxf6 44.Rd1 Kg7 45.Rd6 Ba8 46.Bb5 Rc7 47.Rd7+
Rxd7 48.Bxd7 Bd5 49.Bc8 1-0

[Event "27. Friedensfest-Open (AFRO-A)"]
[Site "Augsburg"]
[Date "2022.08.06"]
[Round "5.30"]
[White "Luetkemeyer, Arnd"]
[Black "Goldinger, Peter"]
[Result "0-1"]
[WhiteElo "1831"]
[BlackElo "2059"]
[EventDate "2022.08.04"]
[Time "09:30:00"]
[WhiteTeam "SK Germering e. V."]
[BlackTeam "SF Pfullingen"]

1.e4 d5 2.exd5 Nf6 3.Bb5+ Nbd7 4.c4 g6 5.Nc3 Bg7 6.Nge2 O-O 7.O-O Nb6 8.d3
a6 9.Ba4 Nxa4 10.Qxa4 h6 11.Be3 e6 12.dxe6 Bxe6 13.d4 Ng4 14.Rad1 b5 15.
cxb5 axb5 16.Qb4 Bc4 17.Rfe1 Re8 18.Bf4 Bf8 0-1

[Event "27. Friedensfest-Open (AFRO-A)"]
[Site "Augsburg"]
[Date "2022.08.06"]
[Round "6.32"]
[White "Kamenskyi, Dmytro"]
[Black "Speicher, Franz"]
[Result "0-1"]
[WhiteElo "1996"]
[BlackElo "1842"]
[EventDate "2022.08.04"]
[Time "15:30:00"]
[WhiteTeam "SK Kriegshaber"]
[BlackTeam "SV Dicker Turm Esslingen"]

1.e4 d5 2.exd5 Nf6 3.d4 Nxd5 4.c4 Nb6 5.Nf3 g6 6.c5 Nd5 7.Bc4 Bg7 8.Qb3 e6
9.Bg5 Ne7 10.Nc3 h6 11.Bf4 Nbc6 12.Nb5 O-O 13.Bxc7 Qd7 14.Bd6 b6 15.O-O 
Bb7 16.Rfe1 Na5 17.Qc3 Nxc4 18.Qxc4 Bxf3 19.gxf3 Rfc8 20.Bg3 Nf5 21.Rac1 
Nxd4 22.Nxd4 Rxc5 0-1

[Event "27. Friedensfest-Open (AFRO-A)"]
[Site "Augsburg"]
[Date "2022.08.04"]
[Round "2.33"]
[White "Doll, Luca Fabio"]
[Black "Speicher, Franz"]
[Result "1/2-1/2"]
[WhiteElo "1653"]
[BlackElo "1842"]
[EventDate "2022.08.04"]
[Time "15:30:00"]
[WhiteTeam "TSV Langenau"]
[BlackTeam "SV Dicker Turm Esslingen"]

1.e4 d5 2.exd5 Nf6 3.d4 Nxd5 4.Nf3 g6 5.c4 Nb6 6.Nc3 Bg7 7.h3 O-O 8.Be3 c5
9.Be2 cxd4 10.Bxd4 Nc6 11.Bxg7 Kxg7 12.O-O Bf5 13.a3 Qxd1 14.Raxd1 Bc2 15.
Rc1 Bf5 16.c5 Nd7 17.b4 a6 18.g4 Be6 19.Ng5 Bb3 20.f4 Nd4 21.Nf3 Nxe2+ 22.
Nxe2 Rad8 23.Nfd4 Ba4 24.Nc3 Nxc5 25.Nde2 Nd3 26.Nxa4 Nxc1 27.Rxc1 Rd3 28.
Rc3 Rfd8 29.Nc5 Rxc3 30.Nxc3 b6 31.Nxa6 Rd3 32.Nb5 Rxh3 33.Kg2 Rd3 34.Nac7
Rd7 35.Kf3 h5 36.gxh5 gxh5 37.Kg3 Kf6 38.a4 Rd3+ 39.Kg2 Kf5 40.a5 bxa5 41.
bxa5 Kg4 42.a6 Rd2+ 43.Kf1 Kf3 44.Ke1 Ra2 45.Nd4+ Kxf4 46.Kf1 Ke4 47.Ne2 
Kf3 48.Ng1+ Ke3 49.Nd5+ Kd4 50.Ne2+ Kc5 51.Nxe7 Rxa6 52.Kf2 Rf6+ 53.Ke1 
Kd6 54.Nc8+ Kd7 55.Na7 h4 56.Nb5 h3 57.Nbd4 Kd6 58.Ng3 Ke5 59.Nde2 Rf3 60.
Nf1 f5 61.Ng1 Ra3 62.Kf2 Kf4 63.Ne2+ Kg4 64.Nh2+ Kg5 65.Nf3+ Kg4 66.Nh2+ 
Kg5 67.Nf3+ Kf6 68.Nf4 Ra2+ 69.Kg3 Ra3 70.Nxh3 1/2-1/2

[Event "27. Friedensfest-Open (AFRO-A)"]
[Site "Augsburg"]
[Date "2022.08.07"]
[Round "7.32"]
[White "Jaskulski, Jan"]
[Black "Frenkel, Matthias"]
[Result "1-0"]
[WhiteElo "1846"]
[BlackElo "1667"]
[EventDate "2022.08.04"]
[Time "09:30:00"]
[WhiteTeam "SV Jedesheim 1921"]
[BlackTeam "SK Kriegshaber"]

1.e4 d5 2.exd5 Qxd5 3.Nc3 Qd8 4.d4 Nf6 5.Nf3 Bg4 6.h3 Bxf3 7.Qxf3 c6 8.Be3
e6 9.O-O-O Nbd7 10.Bf4 Nb6 11.Kb1 Bd6 12.Be5 Be7 13.g4 h6 14.h4 Nbd5 15.
Be2 Rg8 16.Ne4 Nxe4 17.Qxe4 Qb6 18.Rh3 O-O-O 19.Rb3 Qa5 20.c4 Nf6 21.Qf3 
Rd7 22.Qxc6+ Kd8 23.Rxb7 Rxb7 24.Qxb7 Rf8 25.d5 Ke8 26.Bxf6 Bxf6 27.dxe6 
Qa4 28.b3 Qd7 29.Qxd7# 1-0

[Event "27. Friedensfest-Open (AFRO-A)"]
[Site "Augsburg"]
[Date "2022.08.06"]
[Round "6.33"]
[White "Waibel, Manuel"]
[Black "Pikal, Alexander, Dr."]
[Result "1-0"]
[WhiteElo "1740"]
[BlackElo "1958"]
[EventDate "2022.08.04"]
[Time "15:30:00"]
[WhiteTeam "Schachges. Augsburg 1873"]
[BlackTeam "SC Ansbach 1855 e.V."]

1.e4 d6 2.d4 g6 3.Nf3 Bg7 4.Bc4 Nc6 5.Be3 Nf6 6.Nc3 O-O 7.h3 Nxe4 8.Bxf7+ 
Rxf7 9.Nxe4 h6 10.Qd2 d5 11.Ng3 Kh7 12.O-O-O Qd6 13.Ne2 a5 14.Bf4 Qd8 15.
Ng3 e6 16.h4 Qf8 17.Be3 a4 18.a3 Na5 19.Qd3 Nc4 20.h5 Nxe3 21.hxg6+ Kh8 
22.gxf7 Nxd1 1-0

[Event "27. Friedensfest-Open (AFRO-A)"]
[Site "Augsburg"]
[Date "2022.08.06"]
[Round "5.34"]
[White "Wezel, Sebastian"]
[Black "Frenkel, Matthias"]
[Result "0-1"]
[WhiteElo "1859"]
[BlackElo "1667"]
[EventDate "2022.08.04"]
[Time "09:30:00"]
[WhiteTeam "SV Dettingen Erms"]
[BlackTeam "SK Kriegshaber"]

1.e4 d6 2.d4 Nf6 3.Nc3 e6 4.f4 Nc6 5.Nf3 a6 6.a3 d5 7.e5 Ne4 8.Bd3 Nxc3 9.
bxc3 b5 10.O-O Be7 11.Qe2 Bb7 12.f5 exf5 13.Bxf5 Bc8 14.Bd3 Na7 15.Be3 c6 
16.Nd2 Be6 17.Qh5 Nc8 18.a4 Nb6 19.axb5 axb5 20.Rxa8 Qxa8 21.Bg5 Qd8 22.
Bxe7 Qxe7 23.Nb3 Na4 24.Ra1 h6 25.Nc5 O-O 26.Nxa4 bxa4 27.Rxa4 c5 28.Ra6 
c4 29.Bf5 Qb7 30.Ra1 Qb2 31.Rd1 Qxc3 32.Qg4 Qxc2 33.Bxc2 Bxg4 34.Rb1 g6 
35.Rb5 Be6 36.Kf2 Ra8 37.Ke3 Ra2 {time} 0-1

[Event "27. Friedensfest-Open (AFRO-A)"]
[Site "Augsburg"]
[Date "2022.08.06"]
[Round "6.35"]
[White "Luetkemeyer, Arnd"]
[Black "Schindler, Alexander"]
[Result "1-0"]
[WhiteElo "1831"]
[BlackElo "1970"]
[EventDate "2022.08.04"]
[Time "15:30:00"]
[WhiteTeam "SK Germering e. V."]
[BlackTeam "SF Augsburg"]

1.e4 e5 2.Nf3 Nc6 3.c3 Nf6 4.d4 exd4 5.e5 Nd5 6.Qb3 Nb6 7.cxd4 d5 8.Bb5 
Be7 9.Bxc6+ bxc6 10.O-O O-O 11.Be3 Bg4 12.Nbd2 Rb8 13.Qc2 Bxf3 14.Nxf3 Nc4
15.Bc1 Qd7 16.b3 Na5 17.Re1 Nb7 18.e6 Qd6 19.Ne5 Qxe6 20.Qxc6 Bd6 21.Bf4 
Nd8 22.Qa4 Qc8 23.Nd3 Bxf4 24.Nxf4 Qf5 25.g3 Ne6 26.Re5 Qc2 27.Nxd5 Qb2 
28.Rd1 c5 29.Ne7+ Kh8 30.Nc6 Nxd4 31.Nxd4 cxd4 32.Rxd4 h6 33.Re7 Rb6 34.
Rf4 Rf6 35.Rxa7 Qc1+ 36.Kg2 Rxf4 37.Qxf4 Qc6+ 38.Qf3 Qe6 39.Ra8 Rxa8 40.
Qxa8+ Kh7 41.h4 g5 42.hxg5 hxg5 43.Qb7 Kh6 44.a4 g4 45.a5 f5 46.Qb6 1-0

[Event "27. Friedensfest-Open (AFRO-A)"]
[Site "Augsburg"]
[Date "2022.08.07"]
[Round "7.37"]
[White "Schindler, Alexander"]
[Black "Blodig, Samuel"]
[Result "1-0"]
[WhiteElo "1970"]
[BlackElo "1479"]
[EventDate "2022.08.04"]
[Time "09:30:00"]
[WhiteTeam "SF Augsburg"]
[BlackTeam "TV Riedenburg Schach"]

1.e4 e5 2.Nf3 Nc6 3.Bb5 Bc5 4.c3 Nf6 5.d4 Bb6 6.Nxe5 Nxe5 7.dxe5 Nxe4 8.
Qg4 Bxf2+ 9.Ke2 Qh4 10.Qxg7 Rf8 11.Bh6 Bc5 12.Nd2 c6 13.g3 Qh5+ 14.g4 Qh3 
15.Nxe4 Qg2+ 16.Kd3 Qf3+ 17.Kd2 Qxe4 18.Rhe1 Qg2+ 19.Re2 Qd5+ 20.Bd3 b6 
21.Qxh7 Ba6 22.Bxf8 Bxf8 23.Kc2 Qxd3+ 24.Qxd3 Bxd3+ 25.Kxd3 Ke7 26.Rf1 Bg7
27.Rf5 Rh8 28.Ref2 Ke6 29.Ke4 Rh3 30.Rxf7 Bxe5 31.Rxd7 1-0

[Event "27. Friedensfest-Open (AFRO-A)"]
[Site "Augsburg"]
[Date "2022.08.06"]
[Round "5.19"]
[White "Jaskulski, Jan"]
[Black "Poniatowski, Pawel"]
[Result "0-1"]
[WhiteElo "1846"]
[BlackElo "2071"]
[EventDate "2022.08.04"]
[Time "09:30:00"]
[WhiteTeam "SV Jedesheim 1921"]
[BlackTeam "SK Klosterlechfeld"]

1.e4 e5 2.Nf3 Nc6 3.Bb5 f5 4.d3 Nf6 5.exf5 d6 6.Nh4 a6 7.Bxc6+ bxc6 8.Bg5 
Rb8 9.Nd2 Be7 10.Nc4 O-O 11.O-O Nd5 12.Bxe7 Qxe7 13.g3 Qg5 14.Qc1 Nf4 15.
Kh1 Qh5 16.Ne3 Rb4 17.f3 g5 18.fxg6 hxg6 19.Qe1 Rxb2 20.gxf4 exf4 21.Ng4 
Rxc2 22.Rg1 Kf7 23.Qe4 Qxh4 24.Qxf4+ Kg7 25.Qd4+ Kh7 26.Qa4 Rxh2+ 0-1

[Event "27. Friedensfest-Open (AFRO-A)"]
[Site "Augsburg"]
[Date "2022.08.07"]
[Round "7.15"]
[White "Zeier, Klaus"]
[Black "Geutner, Steffen"]
[Result "1-0"]
[WhiteElo "2161"]
[BlackElo "1929"]
[EventDate "2022.08.04"]
[Time "09:30:00"]
[WhiteTeam "SK 1926 Ettlingen"]
[BlackTeam "TSV Langenau"]

1.e4 e5 2.Nf3 Nc6 3.Bb5 Nge7 4.O-O Ng6 5.d4 exd4 6.Nxd4 Bc5 7.Be3 Bxd4 8.
Bxd4 Nxd4 9.Qxd4 Qg5 10.e5 Qf4 11.Qxf4 Nxf4 12.Nc3 O-O 13.Rad1 c6 14.Bd3 
f6 15.Bc4+ Kh8 16.exf6 d5 17.fxg7+ Kxg7 18.Bd3 h5 19.Ne2 Nxd3 20.Rxd3 Bf5 
21.Rg3+ Kf6 22.Nd4 Ke5 23.Nxf5 Rxf5 24.Rg7 b5 25.Re1+ Kd6 26.f3 a5 27.Kf2 
a4 28.a3 Kc5 29.Re6 Rf4 30.Rc7 Ra6 31.Ke3 Rh4 32.h3 b4 33.f4 bxa3 34.bxa3 
1-0

[Event "27. Friedensfest-Open (AFRO-A)"]
[Site "Augsburg"]
[Date "2022.08.04"]
[Round "2.1"]
[White "Smith, Bryan"]
[Black "Reis, Thomas"]
[Result "1-0"]
[WhiteElo "2414"]
[BlackElo "2193"]
[EventDate "2022.08.04"]
[Time "15:30:00"]
[WhiteTeam "?"]
[BlackTeam "SK Kriegshaber"]

1.e4 e5 2.Nf3 Nc6 3.Bb5 a6 4.Ba4 Nf6 5.O-O Be7 6.Re1 b5 7.Bb3 d6 8.c3 O-O 
9.h3 Nb8 10.d4 Nbd7 11.c4 c6 12.Nc3 Bb7 13.c5 Qc7 14.cxd6 Bxd6 15.Bg5 exd4
16.Qxd4 c5 17.Qd2 c4 18.Bc2 b4 19.Nd5 Nxd5 20.exd5 Nb6 21.Nd4 Bxd5 22.Nf5 
f6 23.Be3 Bc5 24.Bxc5 Qxc5 25.Re7 Rf7 26.Rae1 Kf8 27.Qf4 b3 28.axb3 cxb3 
29.Bd3 Nc4 30.Rxf7+ Bxf7 31.Rc1 Qe5 32.Rxc4 Bxc4 33.Qxc4 Rd8 34.Qb4+ Kg8 
35.Qb7 Qe1+ 36.Bf1 1-0

[Event "27. Friedensfest-Open (AFRO-A)"]
[Site "Augsburg"]
[Date "2022.08.05"]
[Round "4.16"]
[White "Jaskulski, Jan"]
[Black "Zeier, Klaus"]
[Result "1/2-1/2"]
[WhiteElo "1846"]
[BlackElo "2161"]
[EventDate "2022.08.04"]
[Time "15:30:00"]
[WhiteTeam "SV Jedesheim 1921"]
[BlackTeam "SK 1926 Ettlingen"]

1.e4 e5 2.Nf3 Nc6 3.Bb5 a6 4.Ba4 Nf6 5.O-O Be7 6.Re1 b5 7.Bb3 O-O 8.c3 d5 
9.exd5 Nxd5 10.Nxe5 Nxe5 11.Rxe5 c6 12.d3 Bd6 13.Re1 Bf5 14.Nd2 Nf4 15.Ne4
Nxd3 16.Re3 Nxc1 17.Nxd6 Nxb3 18.axb3 Be6 19.b4 a5 20.bxa5 Rxa5 21.Rxa5 
Qxa5 22.Qe1 Qa2 23.Re2 h6 24.h3 Qd5 25.Ne4 Ra8 26.b4 Bf5 27.Nc5 f6 28.Re8+
Rxe8 29.Qxe8+ Kh7 30.Qe3 Qd1+ 31.Kh2 Qd6+ 32.Kg1 Qd1+ 1/2-1/2

[Event "27. Friedensfest-Open (AFRO-A)"]
[Site "Augsburg"]
[Date "2022.08.06"]
[Round "5.32"]
[White "Wunderlich, Elias"]
[Black "Hoeller, Armin"]
[Result "1-0"]
[WhiteElo "1734"]
[BlackElo "2045"]
[EventDate "2022.08.04"]
[Time "09:30:00"]
[WhiteTeam "SC Garching 1980 e.V."]
[BlackTeam "SK Weilheim e.V."]

1.e4 e5 2.Nf3 Nc6 3.Bb5 a6 4.Ba4 Nf6 5.O-O Be7 6.d3 b5 7.Bb3 O-O 8.a4 Bb7 
9.Nc3 b4 10.Ne2 d5 11.Ng3 Na5 12.Ba2 dxe4 13.dxe4 Nxe4 14.Nxe5 Bd6 15.Nc4 
Nxc4 16.Bxc4 Bc5 17.Nxe4 Bxe4 18.Qe2 Bb7 19.Bf4 Qf6 20.Qg4 Rfe8 21.Bd3 g6 
22.Rae1 h5 23.Qg3 Bd4 24.b3 c5 25.h4 Bc3 26.Rxe8+ Rxe8 27.f3 Bc8 28.Bg5 
Qd4+ 29.Kh1 Kh7 30.Qc7 Kg7 31.Bxg6 Bd7 32.Be4 f6 33.Bc1 Re5 34.Bf4 Re7 35.
Bd6 Rf7 36.Bxc5 Qd2 37.Qg3+ Kh8 38.Qf2 Qf4 39.g3 Qe5 40.Be3 f5 41.Bf4 Qf6 
42.Bd5 Bd4 43.Qd2 Bc3 44.Qd3 Be6 45.Qc4 Bxd5 46.Qxd5 Kg7 47.Rd1 Qe7 48.Qc6
Bf6 49.Qxa6 Qc5 50.Qd3 Re7 51.Bd6 Qf2 52.Bxe7 Bxe7 53.Qxf5 1-0

[Event "27. Friedensfest-Open (AFRO-A)"]
[Site "Augsburg"]
[Date "2022.08.04"]
[Round "2.20"]
[White "Jaskulski, Jan"]
[Black "Kraemer, Max"]
[Result "0-1"]
[WhiteElo "1846"]
[BlackElo "2059"]
[EventDate "2022.08.04"]
[Time "15:30:00"]
[WhiteTeam "SV Jedesheim 1921"]
[BlackTeam "SK Caissa Augsburg"]

1.e4 e5 2.Nf3 Nc6 3.Bb5 Nf6 4.O-O Bc5 5.c3 O-O 6.d4 Bb6 7.d5 Ne7 8.Nxe5 
Nxe4 9.Nc4 Bxf2+ 10.Rxf2 Nxf2 11.Kxf2 a6 12.d6 Ng6 13.Qa4 axb5 14.Qxa8 
Qh4+ 15.Kf1 Qxc4+ 16.Kg1 Qe2 17.g3 Qe1+ 18.Kg2 Qxc1 19.Qa3 Re8 0-1

[Event "27. Friedensfest-Open (AFRO-A)"]
[Site "Augsburg"]
[Date "2022.08.05"]
[Round "4.4"]
[White "Lang, Thomas"]
[Black "Karsay, Pascal"]
[Result "0-1"]
[WhiteElo "1792"]
[BlackElo "2270"]
[EventDate "2022.08.04"]
[Time "15:30:00"]
[WhiteTeam "SG Schwaebisch Gmuend 1872 e.V"]
[BlackTeam "SV Worms 1878"]

1.e4 e5 2.Nf3 Nc6 3.Bc4 Nf6 4.d4 exd4 5.O-O Nxe4 6.Re1 d5 7.Bxd5 Qxd5 8.
Nc3 Qa5 9.Nxe4 Be6 10.Neg5 O-O-O 11.Nxe6 fxe6 12.Rxe6 Be7 13.Qe2 Bf6 14.
Ng5 d3 15.Qg4 h5 16.Qh3 Kb8 17.Nf7 dxc2 18.Nxd8 Rxd8 19.g3 Rd1+ 20.Kg2 
Qd5+ 21.f3 Rxc1 22.Re8+ Nd8 23.Rxc1 Qd2+ 24.Kf1 Qxc1+ 25.Kf2 Bd4+ 0-1

[Event "27. Friedensfest-Open (AFRO-A)"]
[Site "Augsburg"]
[Date "2022.08.04"]
[Round "2.29"]
[White "Struck, Christian"]
[Black "Blodig, Samuel"]
[Result "1-0"]
[WhiteElo "1933"]
[BlackElo "1479"]
[EventDate "2022.08.04"]
[Time "15:30:00"]
[WhiteTeam "SF Augsburg"]
[BlackTeam "TV Riedenburg Schach"]

1.e4 e5 2.Nf3 Nc6 3.Bc4 Nf6 4.d4 exd4 5.Ng5 d5 6.exd5 Nxd5 7.O-O Be7 8.
Nxf7 Kxf7 9.Qh5+ g6 10.Bxd5+ Ke8 11.Qf3 Bf5 12.Re1 Qd6 13.Bxc6+ Qxc6 14.
Qxc6+ bxc6 15.Bg5 Rb8 16.Bxe7 Kf7 17.Ba3 Bxc2 18.Nd2 Rhe8 19.Rac1 d3 20.
Re3 Rbd8 21.Rce1 Rxe3 22.Rxe3 Rd5 23.Bb4 c5 24.Bc3 g5 25.f3 Kg6 26.Re6+ 
Kf7 27.Re5 c6 28.Ne4 c4 29.Nxg5+ Kg6 30.Ne4 Rb5 31.Re6+ Kf7 32.Rxc6 1-0

[Event "27. Friedensfest-Open (AFRO-A)"]
[Site "Augsburg"]
[Date "2022.08.06"]
[Round "6.19"]
[White "Mohylnyi, Stepan"]
[Black "Hermann, Tobias"]
[Result "1/2-1/2"]
[WhiteElo "1709"]
[BlackElo "2060"]
[EventDate "2022.08.04"]
[Time "15:30:00"]
[WhiteTeam "SC Noris-Tarrasch Nuernberg 1873"]
[BlackTeam "SF Schwaigern"]

1.e4 e5 2.Nf3 Nc6 3.d4 exd4 4.Nxd4 Nf6 5.Nxc6 bxc6 6.e5 Qe7 7.Qe2 Nd5 8.c4
Ba6 9.b3 Qh4 10.Bb2 Bb4+ 11.Nd2 Nc3 12.Bxc3 Bxc3 13.Rc1 Qd4 14.Qd3 Qxe5+ 
15.Be2 Bxd2+ 16.Qxd2 O-O 17.O-O d6 18.Bf3 Qe8 19.Rfe1 Qd7 20.Re3 Rae8 21.
Rxe8 Rxe8 22.Qa5 Qc8 23.Bxc6 Re5 24.Qb4 g6 25.h3 Rc5 26.Bf3 Re5 27.Re1 
Rxe1+ 28.Qxe1 Bb7 29.Bxb7 1/2-1/2

[Event "27. Friedensfest-Open (AFRO-A)"]
[Site "Augsburg"]
[Date "2022.08.05"]
[Round "4.8"]
[White "Mohylnyi, Stepan"]
[Black "Reis, Thomas"]
[Result "0-1"]
[WhiteElo "1709"]
[BlackElo "2193"]
[EventDate "2022.08.04"]
[Time "15:30:00"]
[WhiteTeam "SC Noris-Tarrasch Nuernberg 1873"]
[BlackTeam "SK Kriegshaber"]

1.e4 e5 2.Nf3 Nc6 3.d4 exd4 4.Nxd4 Nf6 5.Nxc6 bxc6 6.e5 Qe7 7.Qe2 Nd5 8.c4
Nb6 9.Nc3 Qe6 10.b3 a5 11.a4 Bb4 12.Bb2 O-O 13.O-O-O d6 14.exd6 cxd6 15.
Qxe6 Bxe6 16.Be2 d5 17.cxd5 Nxd5 18.Nxd5 Bxd5 19.Kc2 Rfe8 20.Bd3 Rab8 21.
Bd4 f6 22.Rhg1 Bd6 23.Rb1 Bxh2 24.Rh1 Be5 25.Bxe5 Rxe5 26.Bxh7+ Kf7 27.Bd3
Bxg2 28.Bc4+ Ke7 29.Rhe1 Be4+ 30.Bd3 Bxd3+ 31.Kxd3 Rxe1 32.Rxe1+ Kd6 33.
Kc3 g5 34.Rd1+ Kc7 35.Re1 Rb4 36.Re7+ Kb6 37.Re2 Rf4 38.Rb2 Kc5 39.Rd2 
Rf3+ 40.Kb2 f5 41.Rc2+ Kb6 42.Re2 g4 43.Kc2 Kc5 44.Rd2 f4 45.Kb2 Rh3 46.
Ka2 Rh2 47.Rc2+ Kb6 48.b4 g3 49.bxa5+ Kxa5 50.Rc5+ Kxa4 51.Rxc6 Rxf2+ 52.
Kb1 g2 0-1

[Event "27. Friedensfest-Open (AFRO-A)"]
[Site "Augsburg"]
[Date "2022.08.07"]
[Round "7.11"]
[White "Dannehr, Juergen"]
[Black "Kraemer, Max"]
[Result "1/2-1/2"]
[WhiteElo "1922"]
[BlackElo "2059"]
[EventDate "2022.08.04"]
[Time "09:30:00"]
[WhiteTeam "SV Gifhorn"]
[BlackTeam "SK Caissa Augsburg"]

1.e4 e5 2.Nf3 Nc6 3.Nc3 Nf6 4.d4 exd4 5.Nxd4 Bb4 6.Nxc6 bxc6 7.Bd3 d5 8.
exd5 O-O 9.O-O cxd5 10.Bg5 c6 11.Qf3 Be7 12.h3 h6 13.Bh4 Rb8 14.b3 Rb4 15.
Bg3 Bd6 16.Ne2 Ne4 17.Bxd6 Qxd6 18.Rad1 Re8 19.c3 Ng5 20.Qg3 Qxg3 21.Nxg3 
Rb8 22.Rfe1 Ne6 23.Nf5 Kf8 24.Nd6 Rd8 25.Nxc8 Rbxc8 26.Bf5 Ke7 27.Rd2 Kf6 
28.Bxe6 fxe6 29.Rde2 Re8 30.Re5 Re7 31.f4 g6 32.Kf2 c5 33.g4 c4 34.b4 a5 
35.a3 axb4 36.axb4 Ra8 37.f5 Ra2+ 38.Kf3 gxf5 39.gxf5 Rc2 40.Rxe6+ Rxe6 
41.Rxe6+ Kxf5 42.Re3 h5 43.h4 Rh2 44.Kg3 Rb2 45.Kf3 Rb1 46.Re8 Rf1+ 47.Ke2
Rh1 48.Rf8+ Ke5 49.b5 Rxh4 50.b6 Rh2+ 51.Ke3 Rb2 52.Rh8 Kd6 53.Rxh5 Kc5 
54.b7 Rxb7 55.Kd2 Rb2+ 56.Kc1 Rf2 57.Rg5 Kd6 58.Rh5 Ke6 59.Rh8 Ke5 60.Re8+
Kf4 61.Kd1 Rf3 62.Kd2 Rd3+ 63.Kc2 Kf3 64.Re5 Kf4 65.Rh5 Ke4 66.Rh4+ Ke5 
67.Rh5+ Kd6 68.Rh6+ Kc5 69.Rh8 Rg3 70.Rc8+ Kb6 71.Rb8+ Kc7 72.Rh8 Rg2+ 73.
Kc1 Kc6 74.Rc8+ Kb5 75.Ra8 Rh2 76.Kd1 Rh6 77.Kc2 Rh2+ 78.Kc1 Kc5 79.Ra6 d4
80.cxd4+ Kb4 81.d5 Kb3 82.d6 Rh1+ 83.Kd2 c3+ 84.Kd3 Rd1+ 85.Ke2 c2 86.Rb6+
Kc3 87.Rc6+ Kb2 88.Rb6+ Kc1 89.Rc6 Rd5 90.Ra6 Re5+ 91.Kd3 Kd1 92.Ra1+ c1=Q
93.Rxc1+ Kxc1 94.Kd4 Re6 95.Kd5 Rxd6+ 96.Kxd6 1/2-1/2

[Event "27. Friedensfest-Open (AFRO-A)"]
[Site "Augsburg"]
[Date "2022.08.06"]
[Round "5.13"]
[White "Stoettner, Moritz"]
[Black "Baur, Volker, Dr."]
[Result "0-1"]
[WhiteElo "1906"]
[BlackElo "1973"]
[EventDate "2022.08.04"]
[Time "09:30:00"]
[WhiteTeam "SK Landau-Dingolfing"]
[BlackTeam "SF Mengen"]

1.e4 e5 2.Nf3 Nf6 3.d4 Nxe4 4.Bd3 d5 5.Nxe5 Nd7 6.Nc3 Nxe5 7.dxe5 Nxc3 8.
bxc3 Be6 9.Rb1 Rb8 10.O-O Bc5 11.Qh5 g6 12.Qh6 Bf8 13.Qe3 b6 14.Re1 c6 15.
Qg3 h5 16.Bg5 Be7 17.Bf6 h4 18.Qf4 Rh5 19.Rbd1 Qc7 20.Be2 g5 21.Qe3 g4 22.
Bd3 Kd7 23.c4 Bc5 24.Qf4 Rg8 25.cxd5 cxd5 26.g3 hxg3 27.hxg3 Qc8 28.Qa4+ 
Kc7 29.Qxa7+ Qb7 30.Qa4 Ra8 31.Qf4 Rxa2 32.Rd2 Qa8 33.Bf1 Ra1 34.Rxa1 Qxa1
35.Bh4 Rf5 36.Qh6 Qe1 37.Re2 Bxf2+ 38.Kg2 Qxf1+ 39.Kxf1 Be3+ 40.Qf4 Bxf4 
41.gxf4 Rxf4+ 42.Rf2 Rc4 43.Ke1 Kc6 44.Rd2 d4 45.Bf2 Bf5 46.Rxd4 Rxd4 47.
Bxd4 Bxc2 48.Kd2 Bf5 49.Kc3 b5 50.Bf2 Kd5 51.Kb4 Bd7 0-1

[Event "27. Friedensfest-Open (AFRO-A)"]
[Site "Augsburg"]
[Date "2022.08.05"]
[Round "3.17"]
[White "Wichmann, Adrian"]
[Black "Baur, Volker, Dr."]
[Result "1/2-1/2"]
[WhiteElo "2089"]
[BlackElo "1973"]
[EventDate "2022.08.04"]
[Time "09:30:00"]
[WhiteTeam "SC 1868 Bamberg"]
[BlackTeam "SF Mengen"]

1.e4 e5 2.Nf3 Nf6 3.Nxe5 d6 4.Nf3 Nxe4 5.d4 d5 6.Bd3 Bd6 7.O-O O-O 8.Re1 
Bf5 9.c4 c6 10.Nc3 Nxc3 11.bxc3 Bxd3 12.Qxd3 dxc4 13.Qxc4 Nd7 14.Bd2 Qc7 
15.h3 Rfe8 16.Ng5 Nf6 17.Qd3 Bf4 18.Bxf4 Qxf4 19.Nf3 Rxe1+ 20.Rxe1 Re8 
1/2-1/2

[Event "27. Friedensfest-Open (AFRO-A)"]
[Site "Augsburg"]
[Date "2022.08.07"]
[Round "7.18"]
[White "Wichmann, Adrian"]
[Black "Waibel, Manuel"]
[Result "1/2-1/2"]
[WhiteElo "2089"]
[BlackElo "1740"]
[EventDate "2022.08.04"]
[Time "09:30:00"]
[WhiteTeam "SC 1868 Bamberg"]
[BlackTeam "Schachges. Augsburg 1873"]

1.e4 e5 2.Nf3 Nf6 3.Nxe5 d6 4.Nf3 Nxe4 5.Nc3 Nxc3 6.dxc3 Be7 7.Be3 Be6 8.
Bd3 Nc6 9.Qe2 O-O 10.h4 g6 11.Ng5 Ne5 12.Be4 Bc4 13.Qd1 d5 14.Bf3 c6 15.
Be2 Bxe2 16.Qxe2 Nc4 17.O-O Re8 18.Qf3 f6 19.Nh3 Nxe3 20.Qxe3 Bd6 21.Qf3 
Re6 22.h5 Qe7 23.Nf4 Bxf4 24.Qxf4 Re8 25.Rad1 Re4 26.Qf3 Qe5 27.hxg6 hxg6 
28.Qg3 Qxg3 29.fxg3 Kg7 1/2-1/2

[Event "27. Friedensfest-Open (AFRO-A)"]
[Site "Augsburg"]
[Date "2022.08.07"]
[Round "7.6"]
[White "Werner, Denis"]
[Black "Niedermeier, Thomas"]
[Result "1/2-1/2"]
[WhiteElo "1939"]
[BlackElo "2253"]
[EventDate "2022.08.04"]
[Time "09:30:00"]
[WhiteTeam "SC Garching 1980 e.V."]
[BlackTeam "SV Ilmmuenster"]

1.e4 e6 2.Nf3 d5 3.Nc3 Nf6 4.e5 Nfd7 5.d4 c5 6.dxc5 Nc6 7.Bf4 Bxc5 8.Bd3 
f6 9.exf6 Qxf6 10.Bg5 Qf7 11.Bh4 Nde5 12.Nxe5 Nxe5 13.O-O O-O 14.Bg3 Nxd3 
15.cxd3 Qf6 16.Qe2 Bd7 17.Be5 Qh4 18.d4 Bb6 19.Rad1 Rf5 20.Rd3 Qh5 21.Qxh5
Rxh5 22.f4 Rf5 23.Kf2 Raf8 24.Ke1 Rc8 25.Kd2 Rc4 26.b3 Rc8 27.Rc1 Ba5 28.
a3 Rf7 29.b4 Bb6 30.Ne2 Rc4 31.Rdc3 Bb5 32.Rxc4 dxc4 33.Ke3 Rd7 34.Nc3 Bc6
35.Ne4 Bd5 36.g3 Bd8 37.Nd6 Rc7 38.Ne8 Re7 39.Nd6 Rc7 40.Ne8 Re7 41.Nd6 
Rc7 1/2-1/2